| 000 | 00533nam a2200169 4500 | ||
|---|---|---|---|
| 001 | 111928 | ||
| 003 | ES-MaACL | ||
| 005 | 20230906185404.0 | ||
| 007 | t| | ||
| 008 | 061121s1909 it r ||||1| ita d | ||
| 100 | 1 |
_aNewman, Enrico. _985492 |
|
| 245 | 1 | 3 |
_aIl papa, il sillabo e l'infallibilitáa papale / _cCard. Enrico Newman; traduzione del Prof. Domenico Battaini. |
| 260 |
_aTorino : _bVincenzo Bona, _c1909. |
||
| 300 |
_aXXXVI, 275 p. ; _c21 x 12 cm. |
||
| 700 | 1 |
_aBattaini, Domenico. _926471 |
|
| 852 |
_aES-MaACL _jF-6078 |
||
| 999 |
_c111928 _d111928 |
||